00276nam a2200121Ia 4500003000400000005001700004008004100021020001800062040001700080100002000097245001500117260002200132OSt20240311161617.0170523s9999 xx 000 0 und d a978-007044532 ciimtu meerut aWHITELEY- DAVID 0aE-COMMERCE bTATA MC GRAW HILL